[Event "It"]
[Site "Albena (Bulgaria)"]
[Round "0"]
[White "Skembris Spyridon (GRE)"]
[Black "Ristic Nenad (SRB)"]
[Result "1-0"]
[WhiteElo "2463"]
[BlackElo "2420"]

1.d4 Nf6 2.Nf3 a6 3.g3 e6 4.Bg2 c5 5.O-O d5 6.c3 Bd6 7.Nbd2 b6 8.dxc5 bxc5
9.e4 Nxe4 10.Nxe4 dxe4 11.Qa4+ Bd7 12.Qxe4 Bc6 13.Qg4 Qf6 14.Bg5 h5 15.Qh4 Qf5
16.Rad1 Bd5 17.Rxd5 exd5 18.Re1+ Kf8 19.Be7+ Kg8 20.Bxd6 Nd7 21.Bh3 Qxf3
22.Bxd7 c4 23.Bh3 Rh6 24.Bf4 Rb6 25.Bc1 Rf6 26.Qd4 Rd6 27.Bf4 Rdd8 28.Re3 {#r}
1-0

[Event "It (open)"]
[Site "Andorra"]
[Round "0"]
[White "Martin Andrew D (ENG)"]
[Black "Bricard Emmanuel (FRA)"]
[Result "0-1"]
[WhiteElo "2399"]
[BlackElo "2511"]

1.d4 Nf6 2.Nf3 a6 3.Bg5 c5 4.Nc3 cxd4 5.Qxd4 Nc6 6.Qh4 h6 7.e4 Rg8 8.Bxf6 gxf6
9.O-O-O d6 10.Bc4 Qa5 11.Nd5 Be6 12.Nd2 Rc8 13.Nb3 Qd8 14.Be2 Rxg2 15.Rhg1 Rg5
16.f4 Rxg1 17.Rxg1 Bxd5 18.exd5 Nb4 19.Rg8 Nxd5 20.Qxh6 Kd7 21.Bg4+ e6 22.Qh7
Nxf4 23.Kb1 Qe7 24.Qe4 f5 25.Qxb7+ Kd8 26.Qb6+ Ke8 27.Qxa6 Qc7 28.Bd1 Qc6
29.Qf1 Qc4 30.Qg1 Nd5 31.c3 Ke7 32.Nd4 Qd3+ 33.Bc2 Qe3 34.Qxe3 Nxe3 35.h4 f4
36.h5 Rc5 37.b4 Rxc3 38.Bb3 e5 39.Ne2 Rc7 40.a4 f3 41.Ng3 f2 42.b5 f5 43.b6
Rb7 {#R} 0-1

[Event "Izt"]
[Site "Subotica (Yugoslavia)"]
[Round "0"]
[White "Tal Mikhail N (LAT)"]
[Black "Alburt Lev O (USA)"]
[Result "1/2-1/2"]
[WhiteElo "2625"]
[BlackElo "2575"]

1.Nf3 Nf6 2.d4 a6 3.Bg5 Ne4 4.Bh4 d5 5.e3 Bg4 6.c4 g5 7.h3 Bh5 8.g4 gxh4
9.gxh5 e6 10.Nc3 Bb4 11.Qc2 c5 12.Bd3 cxd4 13.exd4 f5 14.a3 Bxc3+ 15.bxc3 {#d}
1/2-1/2

[Event "It (open)"]
[Site "Andorra"]
[Round "0"]
[White "Kovacevic Goran (SRB)"]
[Black "Miles Anthony J (ENG)"]
[Result "1-0"]
[WhiteElo "2128"]
[BlackElo "2500"]

1.d4 Nf6 2.Nf3 a6 3.Bf4 e6 4.a4 b6 5.Nbd2 Bb7 6.e3 Be7 7.h3 O-O 8.Bd3 c5 9.c3
Nc6 10.O-O d6 11.Qe2 Re8 12.Bh2 Bf8 13.Rfd1 cxd4 14.exd4 Ne7 15.Ne4 Ned5
16.Nxf6+ Nxf6 17.Ng5 Qd7 18.Ne4 Nxe4 19.Bxe4 Bxe4 20.Qxe4 d5 21.Qe1 b5 22.axb5
Qxb5 23.Ra2 a5 24.Rda1 a4 25.Bf4 Rec8 26.Bd2 Rc4 27.b4 Rc7 28.Qf1 Qd7 29.Qd1
Rca7 30.Qe2 Bd6 31.Qg4 Qc6 32.Ra3 e5 33.dxe5 Bxe5 34.Be3 Re7 35.Bd4 h5 36.Qd1
Bxd4 37.Qxd4 Re4 38.Qd1 h4 39.Rxa4 Rxa4 40.Rxa4 Qxc3 41.Ra8+ Kh7 42.Qh5# 1-0

[Event "?"]
[Site "Montpellier (France)"]
[Round "0"]
[White "Simic Radoslav (SRB)"]
[Black "Bricard Emmanuel (FRA)"]
[Result "1/2-1/2"]
[WhiteElo "2485"]
[BlackElo "2511"]

1.d4 Nf6 2.Nf3 a6 3.Bg5 d6 4.c4 c5 5.Nc3 e6 6.e3 Nbd7 7.Be2 Be7 8.O-O b6 9.Nd2
Qc7 10.Bf3 Rb8 11.Rc1 O-O 12.a3 Bb7 13.b4 Rfe8 14.h3 Bxf3 15.Qxf3 Qb7 16.Qd1
b5 17.cxb5 cxd4 18.exd4 axb5 19.Nb3 Qa6 20.Na5 Rec8 21.Qd3 Bd8 22.a4 Bxa5
23.axb5 Qb6 24.bxa5 Qxa5 25.Bd2 Qa8 26.Qg3 d5 27.Bh6 Ne8 28.Rfe1 Rc4 29.Bf4
Rbc8 30.Ne2 Rxc1 31.Rxc1 Rxc1+ 32.Nxc1 Qa4 33.Qd3 Nb6 34.Ne2 h6 35.Kh2 Nc4
36.Nc3 Qb3 37.Qg3 Kf8 38.Bb8 Qa3 39.Bf4 g5 40.Bb8 Nd2 41.Qd3 Ne4 42.b6 Nxc3
43.b7 Qb4 44.Qa6 Ne2 45.Bd6+ Nxd6 46.Qa8+ Kg7 47.b8=Q Qxb8 48.Qxb8 Nc4 49.Qa7
Nf4 50.g3 Nh5 51.Kg2 Kg6 52.Qb8 Nf6 53.Kf3 Kg7 54.Ke2 Ne4 55.f3 Nf6 56.g4 Kg6
57.Qf8 Nb6 58.f4 Nc4 59.Kd3 Nb2+ 60.Kd2 Nc4+ 61.Ke2 Nb6 62.Kf2 Nc4 63.Ke2 Nb6
64.fxg5 hxg5 65.Kd3 Nc4 66.Kc3 Nb6 67.Kb4 Nbd7 68.Qh8 Nb6 69.h4 gxh4 70.Qxh4
Nbd7 71.Qh8 Nb6 72.Kb5 Nc4 73.Qh3 Nd6+ 74.Kc6 Nde4 75.Qh4 Ng5 76.Kd6 Nf3
77.Qh1 Nxd4 78.Qd1 Ne4+ 79.Kd7 Nb3 80.Ke7 Nbd2 81.Qh1 Nf6 {#d} 1/2-1/2

[Event "?"]
[Site "Montpellier (France)"]
[Round "0"]
[White "Vaisman Volodia (FRA)"]
[Black "Bricard Emmanuel (FRA)"]
[Result "1-0"]
[WhiteElo "2358"]
[BlackElo "2511"]

1.d4 Nf6 2.Nf3 a6 3.Bg5 d6 4.Nbd2 Nbd7 5.e3 h6 6.Bh4 g5 7.Bg3 Nh5 8.Bc4 Nxg3
9.hxg3 Bg7 10.c3 e6 11.Qc2 Qe7 12.O-O-O b6 13.d5 Nc5 14.e4 b5 15.Bd3 Bb7
16.Nb3 Nxb3+ 17.Qxb3 c5 18.dxc6 Bxc6 19.Bc2 Rd8 20.Nd4 Qb7 21.f4 Ke7 22.Rhf1
gxf4 23.gxf4 Rhg8 24.Qb4 Bxe4 25.Nxe6 fxe6 26.Bxe4 Qb6 27.Rfe1 Rgf8 28.Bd5 Kd7
29.Rxe6 Kc8 30.Bf3 Qc5 31.Qa5 Qa7 32.Rde1 Rf7 33.Bg4 {#r} 1-0

[Event "It (open)"]
[Site "Poznan (Poland)"]
[Round "4"]
[White "Rawski Wieslaw (POL)"]
[Black "Lokasto Anatol (POL)"]
[Result "1/2-1/2"]
[WhiteElo "2074"]
[BlackElo "2224"]

1.Nf3 Nf6 2.d4 a6 3.Nbd2 d6 4.e4 Nc6 5.Be2 Bg4 6.d5 Nb8 7.O-O g6 8.b3 Bg7
9.Bb2 O-O 10.Ng5 h6 11.Ngf3 c5 12.Nh4 Bxe2 13.Qxe2 Nh5 14.Bxg7 Kxg7 15.g3 Nd7
16.f4 Nhf6 17.c4 Qa5 18.Qd3 b5 19.Rac1 Nb6 20.e5 Ng8 21.exd6 exd6 22.f5 bxc4
23.bxc4 g5 24.f6+ Kh8 25.Nf5 Nd7 26.Nxd6 Ndxf6 27.N2e4 Nd7 28.Qf3 f6 29.Qf5
Ne5 30.Rb1 Ra7 31.Nb7 Qxa2 32.Nbxc5 Ne7 33.Qe6 Qxc4 34.Rxf6 Qxd5 35.Rxf8+ Kg7
36.Qxd5 Nxd5 37.Rff1 Ne3 38.Rb7+ Rxb7 39.Nxb7 Nxf1 40.Kxf1 {#d} 1/2-1/2

[Event "?"]
[Site "Bratto (Italy)"]
[Round "0"]
[White "Berg Daniel (GER)"]
[Black "Caposciutti Maurizio (ITA)"]
[Result "1-0"]
[WhiteElo "2230"]
[BlackElo "2316"]

1.d4 Nf6 2.Nf3 a6 3.Bg5 b5 4.Nbd2 Bb7 5.e3 e6 6.c4 bxc4 7.Nxc4 h6 8.Bh4 Bb4+
9.Nfd2 Be7 10.Rc1 O-O 11.Bd3 Bxg2 12.Rg1 Bb7 13.Ne5 d6 14.Ng4 Kh8 15.Nxf6 Bxf6
16.Rxc7 Bd5 17.Rc8 Bxh4 18.Rxd8 Bxd8 19.Be4 Nc6 20.Bxd5 exd5 21.Qa4 Rc8 22.Ke2
a5 23.Nb3 Nb4 24.Rc1 Bh4 25.a3 Na2 26.Rxc8 Rxc8 27.Nxa5 Nc1+ 28.Kf3 Nd3 29.Nc6
g6 30.Qa6 Rc7 31.Qxd3 Rxc6 32.a4 h5 33.a5 g5 34.a6 g4+ 35.Kg2 {#r} 1-0

[Event "It"]
[Site "Star Dojran (Macedonia)"]
[Round "6"]
[White "Kocovski Ivan (MKD)"]
[Black "Nedev Trajce (MKD)"]
[Result "1/2-1/2"]
[WhiteElo "2271"]
[BlackElo "2493"]

1.d4 Nf6 2.Nf3 a6 3.g3 b5 4.Bg2 Bb7 5.O-O d6 6.c4 bxc4 7.Qa4+ Nbd7 8.Qxc4 e6
9.Bg5 Bd5 10.Qa4 Be7 11.Nc3 Bb7 12.Bxf6 Bxf6 13.Rfd1 O-O 14.Ne5 Nb6 15.Qc2
Bxg2 16.Kxg2 c5 17.Ne4 cxd4 18.Nc6 Rc8 19.Rac1 Qd7 20.Nxf6+ gxf6 21.Rxd4 f5
22.Qd2 Rxc6 23.Qg5+ Kh8 24.Qf6+ Kg8 25.Rh4 Rfc8 26.Qg5+ Kh8 27.Qf6+ Kg8
28.Qg5+ Kh8 {#d} 1/2-1/2

[Event "Memorial Angel Rodrigues (open)"]
[Site "Candas (Spain)"]
[Round "0"]
[White "Veingold Aleksandr (EST)"]
[Black "Mainka Romuald (GER)"]
[Result "1/2-1/2"]
[WhiteElo "2473"]
[BlackElo "2550"]

1.d4 Nf6 2.Nf3 a6 3.Bg5 e6 4.Nbd2 d6 5.h3 Nbd7 6.e4 h6 7.Be3 g6 8.c3 Bg7 9.Bd3
O-O 10.g4 e5 11.dxe5 Nxe5 12.Bc2 b5 13.Nxe5 dxe5 14.Nb3 Bb7 15.Qxd8 Rfxd8
16.Nc5 Bc6 17.Ke2 Bf8 18.f3 Nd7 19.Nxd7 Bxd7 20.Rhd1 Kg7 21.Rd2 b4 22.cxb4
Bxb4 23.Rdd1 a5 24.Bd3 Rab8 25.Bc4 Bd6 26.b3 a4 27.Rab1 axb3 28.Bxb3 Ra8
29.Rd2 Rdb8 30.Rc1 Bb5+ 31.Kf2 Ba4 32.Bxa4 Rxa4 33.Bc5 Rba8 34.Bxd6 cxd6
35.Rc6 {#d} 1/2-1/2

[Event "It (open)"]
[Site "Doha (Qatar)"]
[Round "4"]
[White "Rahman Tahmidur (BAN)"]
[Black "El Ghazali Youssef M (EGY)"]
[Result "1-0"]
[WhiteElo "2188"]
[BlackElo "2295"]

1.Nf3 Nf6 2.d4 a6 3.g3 c5 4.Bg2 cxd4 5.O-O d5 6.Nxd4 e5 7.Nf3 Nc6 8.c4 d4 9.e3
d3 10.h3 Be7 11.b3 Bf5 12.Bb2 Bd6 13.Nbd2 Qd7 14.g4 Bg6 15.a3 h5 16.g5 Ne4
17.b4 Nxd2 18.Nxd2 Be7 19.b5 Nd8 20.f4 exf4 21.exf4 Bf5 22.Qf3 axb5 23.cxb5
Kf8 24.a4 Bc5+ 25.Kh2 Bd4 26.Bxd4 Qxd4 27.Qd5 Qxd5 28.Bxd5 Be6 29.Be4 Ke7
30.a5 Rc8 31.Rfc1 Rxc1 32.Rxc1 Bd7 33.a6 Bxb5 34.axb7 Nxb7 35.Rc7+ Kd6 36.Rxb7
Ba4 37.Bxd3 Rd8 38.Be4 Kc5 39.Nf3 Be8 40.f5 g6 41.fxg6 fxg6 42.Rg7 Rd6 43.Kg3
Re6 44.Kf4 Kd6 45.h4 Kc5 46.Bc2 Kd6 47.Bb3 Re7 48.Rxe7 Kxe7 49.Bc2 Kf8 50.Be4
Kf7 51.Ne5+ Kg7 52.Ke3 Kh7 53.Kd4 Kg7 54.Kc5 Kh7 55.Kd6 Kg7 56.Bc6 Bf7 57.Nxf7
Kxf7 58.Be8+ Kg7 59.Bxg6 Kxg6 60.Ke6 Kg7 61.Kf5 Kh7 62.Kf6 Kh8 63.Kf7 {#r} 1-0

[Event "It (w)"]
[Site "Dresden (Germany)"]
[Round "0"]
[White "Eretova Kveta (CZE)"]
[Black "Kunze Kerstin (GER)"]
[Result "1/2-1/2"]
[WhiteElo "2104"]
[BlackElo "2136"]

1.d4 Nf6 2.Nf3 a6 3.c4 c5 4.Nc3 cxd4 5.Nxd4 g6 6.e4 d6 7.Be2 Bg7 8.h3 O-O
9.O-O Bd7 10.Be3 Nc6 11.Qd2 Qa5 12.Rfd1 Nxd4 13.Bxd4 Bc6 14.a3 Qc7 15.Rac1 e5
16.Be3 Nxe4 17.Nxe4 Bxe4 18.Qxd6 Qxd6 19.Rxd6 Rfd8 {#d} 1/2-1/2

[Event "Bundesliga (w)"]
[Site "Germany"]
[Round "0"]
[White "Beltz Martina (GER)"]
[Black "Kunze Kerstin (GER)"]
[Result "0-1"]
[WhiteElo "2082"]
[BlackElo "2136"]

1.d4 Nf6 2.Nf3 a6 3.Bg5 Ne4 4.Bh4 d5 5.e3 Qd6 6.c3 Bg4 7.Qb3 b6 8.Ne5 Be6 9.f3
Nc5 10.Qc2 Ncd7 11.Bg3 Nxe5 12.Bxe5 Qd7 13.Bd3 Nc6 14.Bg3 g6 15.O-O Bh6 16.Qe2
O-O 17.Nd2 Rfd8 18.Rac1 Na5 19.f4 Bg4 20.Nf3 c5 21.b4 c4 22.Bc2 Nb7 23.e4 dxe4
24.Bxe4 Rac8 25.Rce1 Nd6 26.Bc2 e6 27.Qd2 Bxf3 28.Rxf3 Bg7 29.Bh4 Re8 30.g4
Nb5 31.Bf2 e5 32.fxe5 Rxe5 33.Rxe5 Bxe5 34.Qg5 Bg7 35.Be4 h6 36.Qf4 Re8 37.Kg2
Nc7 38.h4 Ne6 39.Qe3 Nxd4 40.Qf4 Ne2 {#R} 0-1

[Event "Bundesliga (w)"]
[Site "Germany"]
[Round "0"]
[White "Fischdick Gisela (GER)"]
[Black "Kunze Kerstin (GER)"]
[Result "1/2-1/2"]
[WhiteElo "2270"]
[BlackElo "2136"]

1.d4 Nf6 2.Nf3 a6 3.c3 b5 4.Bf4 Bb7 5.Nbd2 e6 6.e3 Nh5 7.Bg3 f5 8.Ne5 g6 9.a4
d6 10.Nd3 Nd7 11.Nf3 Nb6 12.a5 Nd5 13.Bh4 Qd7 14.Be2 Bg7 15.Nd2 Nhf6 16.Bf3
Ne4 17.O-O O-O 18.Bxe4 fxe4 19.Nc1 Bh6 20.Re1 {#d} 1/2-1/2

[Event "Ch NRW"]
[Site "Muenster (Germany)"]
[Round "6"]
[White "Koch Wolfgang Max (GER)"]
[Black "Oswald Hans-Joachim (GER)"]
[Result "1/2-1/2"]
[WhiteElo "2310"]
[BlackElo "2302"]

1.d4 Nf6 2.Nf3 a6 3.a4 e6 4.g3 c5 5.c3 b6 6.Bg2 Bb7 7.O-O Be7 8.Nbd2 O-O 9.Re1
d5 10.Ne5 cxd4 11.cxd4 Nc6 12.Ndf3 Nd7 13.Nxc6 Bxc6 14.Bf4 Bb4 15.Rf1 b5
16.axb5 Bxb5 17.Bd2 Bd6 18.Ba5 Qe7 19.Ne1 Rfb8 20.Qd2 Bc4 21.Bc3 Rb3 22.Nd3
Rc8 23.Rfc1 h6 24.e3 {#d} 1/2-1/2

[Event "It (cat.11) \"]
[Site "Prague (Czech Republic)"]
[Round "0"]
[White "Vokac Marek (CZE)"]
[Black "Mainka Romuald (GER)"]
[Result "0-1"]
[WhiteElo "2450"]
[BlackElo "2550"]

1.d4 Nf6 2.Nf3 a6 3.Bg5 e6 4.e3 d6 5.Bd3 h6 6.Bh4 g5 7.Bg3 Nh5 8.c4 Bg7 9.Nc3
Nd7 10.Qc2 Qe7 11.Rd1 c5 12.dxc5 dxc5 13.Bc7 g4 14.Nd2 Ne5 15.Bxe5 Bxe5 16.Be2
Rg8 17.Qe4 Bc7 18.Qh7 Qf8 19.Qd3 Bd7 20.h3 O-O-O 21.hxg4 Nf6 22.Qc2 Nxg4
23.Nb3 f5 24.Bf3 Ne5 25.Ne2 Nxf3+ 26.gxf3 Bc6 27.Rxd8+ Bxd8 28.Nf4 Bxf3 29.Rf1
Qf6 30.Qc3 Qxc3+ 31.bxc3 Bf6 32.Kd2 Rd8+ 33.Kc1 e5 34.Ne6 Rd3 35.Kc2 e4
36.Nexc5 Rxc3+ 37.Kd2 Rxc4 38.Rc1 Rxc1 39.Nxc1 h5 40.Ne6 Kd7 41.Nf4 h4 42.Nce2
Kd6 43.Ng1 Bg4 44.Ke1 Be5 {#R} 0-1

[Event "It (open)"]
[Site "Leiden (Netherlands)"]
[Date "1992.02.29"]
[Round "3"]
[White "Schulz Klaus-Juergen (GER)"]
[Black "Mainka Romuald (GER)"]
[Result "1-0"]
[WhiteElo "2365"]
[BlackElo "2550"]

1.d4 Nf6 2.Nf3 a6 3.Bg5 e6 4.Nbd2 d6 5.e4 h6 6.Bh4 g5 7.Bg3 Nh5 8.Bd3 Bg7 9.c3
Nd7 10.Qe2 Qe7 11.Nc4 Rb8 12.Ne3 c5 13.d5 Nxg3 14.hxg3 Nf6 15.dxe6 Bxe6 16.O-O
O-O 17.e5 dxe5 18.Nxe5 Rfe8 19.Rfe1 Qc7 20.Nf3 Rbd8 21.Bc4 Bc8 22.Qc2 b5
23.Bd3 c4 24.Bf5 Bb7 25.Nd4 Ne4 26.Ng4 Nd6 27.Bh7+ Kh8 28.Rad1 Qc5 29.a3 a5
30.Nf5 Qc6 31.f3 Nxf5 32.Bxf5 Qc7 33.Rxe8+ Rxe8 34.Kh2 h5 35.Rd7 Qb8 36.Qd2 h4
37.f4 hxg3+ 38.Kh3 gxf4 39.Rxf7 Rf8 40.Qd7 Ba8 41.Rxg7 {#r} 1-0

[Event "It (open)"]
[Site "Cannes (France)"]
[Round "0"]
[White "Dunnington Angus J (ENG)"]
[Black "Bricard Emmanuel (FRA)"]
[Result "1-0"]
[WhiteElo "2390"]
[BlackElo "2440"]

1.d4 Nf6 2.Nf3 a6 3.Bg5 d6 4.e3 Nbd7 5.c4 h6 6.Bh4 g5 7.Bg3 Nh5 8.Nc3 Bg7
9.Nd2 Nxg3 10.hxg3 c5 11.d5 Qa5 12.Qc2 b5 13.cxb5 axb5 14.Bxb5 Ba6 15.a4 Bxb5
16.Nxb5 O-O 17.O-O Nb6 18.Nc3 Qb4 19.Ra2 Ra7 20.Rfa1 Rfa8 21.Ra3 c4 22.R1a2
Kf8 23.e4 Ra5 24.Kh2 Rc8 25.Ra1 Nd7 26.R1a2 Ne5 27.Nd1 f5 28.Rb3 Qc5 29.Rb7
Ng4+ 30.Kg1 Nf6 31.e5 Nxd5 32.Qxf5+ Nf6 33.b4 cxb3 34.Nxb3 Qc4 35.Nxa5 Qxa2
36.Qxc8+ Kf7 37.exf6 Qd2 38.Rxe7+ Kg6 39.Qe8+ Kxf6 40.Qf7# 1-0

[Event "Ch Helsinki"]
[Site "Helsinki (Finland)"]
[Round "5"]
[White "Norri Joose (FIN)"]
[Black "Pyhala Antti (FIN)"]
[Result "1-0"]
[WhiteElo "2291"]
[BlackElo "2305"]

1.Nf3 Nf6 2.d4 a6 3.b3 b5 4.e3 e6 5.Bd3 c5 6.O-O d5 7.dxc5 Bxc5 8.Bb2 Nbd7
9.Nbd2 Bb7 10.Qe2 Ne4 11.Rad1 Qc7 12.c4 Nxd2 13.Rxd2 dxc4 14.bxc4 b4 15.Bxg7
Rg8 16.Bd4 O-O-O 17.Bxh7 Rh8 18.Bxh8 Rxh8 19.Rxd7 Qxd7 20.Bc2 f5 21.Rd1 Qh7
22.h3 Rg8 23.Kh2 Qg6 24.g3 Qe8 25.Nd4 Rh8 26.h4 Qg6 27.f4 Be7 28.Nf3 e5
29.fxe5 Be4 30.Bxe4 fxe4 31.Ng1 Rg8 32.Qf2 Rf8 33.Qg2 Bc5 34.Nh3 Bxe3 35.Rd6
Qg4 36.Rf6 Rd8 37.Nf2 Bxf2 38.Qxf2 e3 39.Qxe3 Qxc4 40.Rf2 Qd4 41.Rc2+ Kb8
42.Qxd4 Rxd4 43.h5 Re4 44.h6 Rxe5 45.g4 Re7 46.g5 {#r} 1-0

[Event "Czech League 1994/95 (2nd) (a)"]
[Site "Czech Republic"]
[Round "5"]
[White "Modr Bretislav (CZE)"]
[Black "Hrbolka Ladislav Jr (CZE)"]
[Result "0-1"]
[WhiteElo "2331"]
[BlackElo "2159"]

1.d4 Nf6 2.Nf3 a6 3.Bg5 d6 4.Nbd2 h6 5.Bxf6 exf6 6.e3 Be7 7.Bd3 O-O 8.c3 Nd7
9.Nh4 Re8 10.Qh5 Nf8 11.Nf5 Bxf5 12.Qxf5 d5 13.Nf3 g6 14.Qh3 Kg7 15.O-O Qd7
16.Qh4 f5 17.Qh3 Bf6 18.Rfe1 Nh7 19.Rac1 Ng5 20.Nxg5 hxg5 21.Qg3 c6 22.h3 Rh8
23.c4 dxc4 24.Bxc4 g4 25.hxg4 fxg4 26.Rcd1 Rh5 27.Qf4 Rah8 28.Kf1 Rf5 29.Qe4
Bh4 30.Rd2 Bg3 31.Kg1 Bh2+ 32.Kf1 Bc7 33.Ke2 Ba5 34.Qc2 Bxd2 35.Qxd2 g3 36.f4
Rh2 37.Kf3 Rfh5 38.Rg1 R5h4 39.Kxg3 Qg4+ 40.Kf2 R4h3 41.Be2 Qg3+ 42.Kf1 Qxe3
43.Qxe3 Rxe3 44.Kf2 Re4 45.Rd1 Rxf4+ 46.Bf3 Rh8 47.Ke3 g5 48.g3 Re8+ 49.Kf2
Rf6 {#R} 0-1

[Event "It (open)"]
[Site "Edeleny (Hungary)"]
[Round "3"]
[White "Csukerda Attila (HUN)"]
[Black "Simon Nandor (HUN)"]
[Result "1-0"]
[WhiteElo "2043"]
[BlackElo "2113"]

1.d4 Nf6 2.Nf3 a6 3.Bf4 Nh5 4.Bg3 Nxg3 5.hxg3 c5 6.e3 d6 7.c3 Bg4 8.dxc5 dxc5
9.Qxd8+ Kxd8 10.Ng5 Be6 11.Rxh7 Rxh7 12.Nxh7 Ke8 13.Ng5 Bd5 14.Na3 Nd7 15.Bc4
Bxc4 16.Nxc4 b5 17.Na5 e6 18.Rd1 Ne5 19.Nf3 Nd7 20.Nc6 f6 21.Na5 Ra7 22.g4 g5
23.Nb3 Be7 24.Ke2 Kf7 25.Na5 Rc7 26.Nb3 Nb6 27.Kd2 Rd7+ 28.Kc2 Rc7 29.Nbd2 Rc8
30.Ne4 Rc6 31.Nexg5+ Kg6 32.Ne4 Nd5 33.g5 Kg7 34.gxf6+ Bxf6 35.Nxf6 Kxf6
36.Rh1 Kg7 37.Nd2 Nf6 38.f3 Rd6 39.Nb3 Rd5 40.e4 Rg5 41.g4 Nd7 42.Rd1 Nb8
43.Na5 {#r} 1-0

[Event "It (open)"]
[Site "Zalakaros (Hungary)"]
[Round "0"]
[White "Csiszar Csaba (HUN)"]
[Black "Eberth Zoltan (HUN)"]
[Result "1-0"]
[WhiteElo "2340"]
[BlackElo "2198"]

1.d4 Nf6 2.Nf3 a6 3.Bf4 c5 4.e3 Qb6 5.Nbd2 cxd4 6.exd4 Qxb2 7.Nc4 Qb4+ 8.Bd2
Qa4 9.Nb6 Qc6 10.Nxa8 b5 11.a4 bxa4 12.Be2 e6 13.O-O a3 14.c4 Qxa8 15.Qb3 Ne4
16.Bf4 Nc6 17.c5 g5 18.Be3 Bg7 19.Bd3 f5 20.Rfd1 g4 21.Bxe4 fxe4 22.Ne1 O-O
23.Rxa3 Ne7 24.Rb1 Nd5 25.Nc2 Qc6 26.Nb4 Nxb4 27.Qxb4 Qd5 28.Qb3 Qf5 29.Qb8 e5
30.d5 Bh6 31.Qb2 Bf4 32.Qe2 h5 33.g3 h4 34.Ra4 a5 35.Rxa5 d6 36.c6 Qh5 37.Ra8
hxg3 38.fxg3 Qh3 39.gxf4 Kh7 40.Bf2 g3 41.Bxg3 Rg8 42.Rxc8 {#r} 1-0

[Event "It (cat.7)"]
[Site "Budapest (Hungary)"]
[Round "10"]
[White "Seul Georg (GER)"]
[Black "El Ghazali Youssef M (EGY)"]
[Result "0-1"]
[WhiteElo "2430"]
[BlackElo "2315"]

1.d4 Nf6 2.Nf3 a6 3.Bg5 Ne4 4.Bh4 c5 5.dxc5 Qa5+ 6.c3 Qxc5 7.Nbd2 d5 8.Qa4+
Qc6 9.Qd4 f6 10.Nxe4 dxe4 11.Nd2 Bf5 12.e3 Nd7 13.Qc4 Qxc4 14.Bxc4 O-O-O 15.b4
Ne5 16.Bb3 Nd3+ 17.Ke2 e5 18.f3 exf3+ 19.gxf3 g5 20.Bg3 g4 21.h3 gxf3+ 22.Nxf3
Nb2 23.Ne1 Bh6 24.Rf1 Bxh3 25.Rxf6 Bg4+ 26.Nf3 e4 27.Rxh6 exf3+ 28.Kf1 Rd2
29.Rc1 Rf8 30.Rxh7 f2 31.Rh6 Be2+ {#R} 0-1

[Event "Czech League 1995/96 (2nd) (a)"]
[Site "Czech Republic"]
[Round "3"]
[White "Hrbolka Ladislav Jr (CZE)"]
[Black "Siktanc Petr (CZE)"]
[Result "1/2-1/2"]
[WhiteElo "2159"]
[BlackElo "2165"]

1.d4 Nf6 2.Nf3 a6 3.Bf4 g6 4.Nbd2 Bg7 5.e4 d6 6.Be2 O-O 7.O-O Nbd7 8.c3 Nh5
9.Bg5 h6 10.Bh4 Nf4 11.Bc4 b5 12.Bb3 Bb7 13.a4 c5 14.Bg3 Nh5 15.Qe2 Nxg3
16.hxg3 c4 17.Bc2 e5 18.Rfd1 Qe7 19.dxe5 dxe5 20.b3 cxb3 21.Bxb3 bxa4 22.Bxa4
Nc5 23.Bc2 Rad8 24.Nc4 Qc7 25.g4 Bc8 26.Nfd2 Ne6 27.g3 Kh8 28.Nf1 Rxd1 29.Rxd1
Rd8 30.Nfe3 Rxd1+ 31.Qxd1 Bf8 32.Qd5 f6 33.Qa5 Qxa5 34.Nxa5 Kg7 35.Nd5 Nc5
36.f3 Be6 37.Kf2 f5 38.gxf5 gxf5 39.Nc4 fxe4 40.Bxe4 Bxd5 41.Bxd5 {#d} 1/2-1/2

[Event "Ch Hungary (team)"]
[Site "Hungary"]
[Round "8"]
[White "Kaman Attila (HUN)"]
[Black "Eberth Zoltan (HUN)"]
[Result "1-0"]
[WhiteElo "2143"]
[BlackElo "2198"]

1.Nf3 Nf6 2.d4 a6 3.Bg5 Ne4 4.Bh4 c5 5.e3 g6 6.Bd3 d5 7.Nbd2 Nxd2 8.Qxd2 Bg7
9.O-O Nc6 10.c3 O-O 11.dxc5 Qa5 12.b4 Qa3 13.Nd4 e5 14.Nc2 Qa4 15.e4 dxe4
16.Bxe4 Be6 17.Ne3 a5 18.a3 axb4 19.cxb4 Nd4 20.Bxb7 Ra7 21.Bd5 Bxd5 22.Nxd5
Nb3 23.Qd1 Nxa1 24.Qxa4 Rxa4 25.Rxa1 Rfa8 26.c6 Rxa3 27.Rxa3 Rxa3 28.Kf1 Kf8
29.c7 Ra1+ 30.Ke2 Rc1 31.Bg5 Rc4 32.b5 e4 33.Bf4 Bd4 34.b6 Bxb6 35.Nxb6 {#r}
1-0

[Event "It (open) \"]
[Site "Kuopio (Finland)"]
[Round "0"]
[White "Karner Hillar (EST)"]
[Black "Paasikangas-T Johanna (FIN)"]
[Result "0-1"]
[WhiteElo "2320"]
[BlackElo "2280"]

1.d4 Nf6 2.Nf3 a6 3.Nbd2 b5 4.e4 Bb7 5.e5 Nd5 6.Nb3 d6 7.e6 f6 8.Na5 Bc8 9.c4
bxc4 10.Bxc4 Bxe6 11.O-O c6 12.Bd2 g6 13.Rc1 Bg7 14.Bb3 O-O 15.Nxc6 Nxc6
16.Rxc6 Bf7 17.Qe2 a5 18.Ra6 Qd7 19.Rxa5 Rxa5 20.Bxa5 Nf4 21.Bxf7+ Rxf7 22.Qd1
e5 23.Bd2 Bh6 24.Bxf4 Bxf4 25.Re1 Qb7 26.g3 Bh6 27.Qe2 Re7 28.dxe5 fxe5 29.a4
e4 30.Nd4 e3 31.f3 Bg7 32.Nb5 d5 33.Rd1 Qc6 34.Kg2 Re8 35.b3 Qc5 36.Re1 d4
37.Qd3 Qb4 38.Re2 Rc8 39.h4 Bf6 40.h5 Kg7 41.hxg6 hxg6 42.f4 Qc5 43.Qe4 Rd8
44.Rc2 Qh5 45.Qb7+ Kh6 46.Qf7 d3 47.Rc7 Qd5+ 48.Qxd5 Rxd5 49.g4 d2 {#R} 0-1

[Event "It (open)"]
[Site "Sarospatak (Hungary)"]
[Round "0"]
[White "Husek Zdenek (SVK)"]
[Black "Simon Nandor (HUN)"]
[Result "1-0"]
[WhiteElo "2033"]
[BlackElo "2113"]

1.d4 Nf6 2.Nf3 a6 3.g3 b5 4.a4 Bb7 5.axb5 axb5 6.Rxa8 Bxa8 7.Qd3 b4 8.Nbd2 e6
9.e4 Bb7 10.Qe3 Na6 11.Bd3 c5 12.Qe2 Qa8 13.e5 Nd5 14.Ne4 cxd4 15.Nfg5 Nc5
16.Qh5 Nxd3+ 17.cxd3 g6 18.Qf3 Be7 19.Nd6+ Bxd6 20.Qxf7+ Kd8 21.exd6 Kc8
22.Qg7 Re8 23.Qxd4 Ne3 24.Qc5+ Kb8 {#r} 1-0

[Event "It (open)"]
[Site "Cairo (Egypt)"]
[Round "1"]
[White "Meged Elsdayed A (EGY)"]
[Black "El Ghazali Youssef M (EGY)"]
[Result "1-0"]
[WhiteElo "2143"]
[BlackElo "2275"]

1.d4 Nf6 2.Nf3 a6 3.g3 c5 4.d5 e6 5.c4 b5 6.Bg2 Bb7 7.Nc3 b4 8.Na4 exd5 9.Nh4
d6 10.cxd5 g6 11.b3 Bg7 12.Bb2 O-O 13.O-O Nbd7 14.e4 Re8 15.Re1 Nb6 16.Nxb6
Qxb6 17.Qc2 a5 18.Rad1 a4 19.e5 dxe5 20.Rxe5 Rxe5 21.Bxe5 Re8 22.Qb2 Nh5
23.Bxg7 Nxg7 24.d6 Bxg2 25.Nxg2 Rd8 26.Qe5 axb3 27.axb3 Ne6 28.Ne3 Nd4 29.Nc4
Qc6 30.Rxd4 cxd4 31.Qxd4 Re8 32.Qd2 Qe4 33.d7 Rd8 34.Qd6 Qe6 35.Qxe6 fxe6
36.Ne5 Kg7 37.f4 Kf6 38.Kf2 g5 39.Ke3 gxf4+ 40.gxf4 Kf5 41.Kf3 h5 42.h4 Kf6
43.Ke4 Kg7 44.Kd4 Kf6 45.Kc5 Kf5 46.Kd6 Kxf4 47.Kxe6 Rg8 48.Nf7 Kg3 49.Nh6 Ra8
50.Nf5+ Kg4 51.Ng7 Kxh4 52.Ke7 Kg5 53.Nxh5 Kf5 54.Ng7+ Ke4 55.Ne6 Ra7 56.Kd6
Ra8 57.d8=Q Rxd8+ 58.Nxd8 Kd3 {#r} 1-0

[Event "Czech League 1995/96 (2nd) (a)"]
[Site "Czech Republic"]
[Round "8"]
[White "Bretsnajdr Vladimir (CZE)"]
[Black "Hrbolka Ladislav Jr (CZE)"]
[Result "1/2-1/2"]
[WhiteElo "2295"]
[BlackElo "2159"]

1.d4 Nf6 2.Nf3 a6 3.c4 c5 4.Nc3 e6 5.g3 cxd4 6.Nxd4 Qc7 7.Qd3 Nc6 8.b3 Nxd4
9.Qxd4 Bc5 10.Qd3 b5 11.Bg2 bxc4 12.Qxc4 d5 13.Qd3 Bb7 14.O-O O-O 15.Na4 Bd6
16.Be3 Nd7 17.Rac1 Qa5 18.Rfd1 Rac8 {#d} 1/2-1/2

[Event "Ch Gent Gran"]
[Site "Gent Gran (Spain)"]
[Round "3"]
[White "Pina Rabadan Andreu (ESP)"]
[Black "Guimera Vidal Mateu (ESP)"]
[Result "1-0"]
[WhiteElo "1773"]
[BlackElo "1545"]

1.d4 Nf6 2.Nf3 a6 3.g3 d5 4.Bg2 c6 5.O-O Bf5 6.Nbd2 e6 7.c4 Be7 8.c5 O-O 9.Re1
h6 10.Ne5 Nbd7 11.e4 Nxe5 12.exf5 Nd3 13.Re3 Nxc1 14.fxe6 fxe6 15.Rxc1 h5
16.Bh3 Ng4 17.Bxg4 hxg4 18.Qxg4 Rf6 19.Rce1 Qa5 20.R1e2 Raf8 21.Rxe6 R8f7
22.Rxe7 Rxe7 23.Rxe7 Qxd2 24.Qxg7# 1-0